| 000 | 00466nam a2200181 4500 | ||
|---|---|---|---|
| 003 | SEACOMMC | ||
| 005 | 20250509134949.0 | ||
| 008 | 250401b |||||||| |||| 00| 0 eng d | ||
| 020 |
_a978-81-317-1683-0 _cRs.650.00 |
||
| 040 | _aSEACOMMC | ||
| 082 |
_a658.8 _bK 87 |
||
| 100 | _a Kotler, Philip | ||
| 245 | 1 |
_aMarketing Management / _cPhilip Kotler...[et..al] |
|
| 250 | _a13th ed. | ||
| 260 |
_a Delhi _b Pearson _c c2009 |
||
| 650 | _aManagement | ||
| 942 | _cBOOK | ||
| 999 |
_c1165 _d1165 |
||